| 000 | 00393nam a2200133Mu 4500 | ||
|---|---|---|---|
| 040 | _cDEBSZ | ||
| 082 | _a571 SN 2010 A081 Or. | ||
| 100 | 1 | _aFokuhl, Verena | |
| 245 | 1 | 0 | _aBiologie allergen-spezifischer Plasmazellen in einem Mausmodell f©ơr allergisches Asthma / |
| 260 |
_a[S.l. : _bs.n.], _c2010 |
||
| 300 |
_a68 S. : _bgraph. Darst |
||
| 710 | 2 | _aFreie Universit©Þt Berlin | |
| 942 | _cEK | ||
| 999 |
_c15928 _d15928 |
||